[Event "ARG-ch sf"]
[Site "Corrientes"]
[Date "2018.03.18"]
[Round "7"]
[White "Coriat, Leonardo"]
[Black "Encizo, Tomas"]
[Result "1-0"]
[WhiteElo "1588"]
[BlackElo "1765"]
[PlyCount "38"]
[EventDate "2018.03.16"]
[EventType "swiss"]
[EventRounds "7"]
[EventCountry "ARG"]
[SourceTitle "CBM 183 Extra"]
[Source "ChessBase"]
[SourceDate "2018.04.19"]
[SourceVersion "1"]
[SourceVersionDate "2018.04.19"]
[SourceQuality "1"]

1. e4 e5 2. Bc4 Bc5 3. d3 Nf6 4. Nf3 d6 5. Bg5 h6 6. Bh4 g5 7. Bg3 Bg4 8. h4 Bxf3 9. Qxf3 g4 10. Qf5 Nbd7 11. h5 b5 12. Bb3 a5 13. a4 b4 14. Nd2 Qe7 15. Bh4 0-0-0 16. Rf1 Rdg8 17. Bxf6 Qxf6 18. Qxf6 Nxf6 19. Bxf7 Rg5 1-0

[Event "Santa Fe Malabrigo op 1st"]
[Site "Santa Fe"]
[Date "2018.02.18"]
[Round "5"]
[White "Encizo, Tomas"]
[Black "Gomez Reyes, Solana"]
[Result "1-0"]
[WhiteElo "1785"]
[BlackElo "1667"]
[PlyCount "71"]
[EventDate "2018.02.17"]
[EventType "swiss"]
[EventRounds "6"]
[EventCountry "ARG"]
[SourceTitle "EXT 2019"]
[Source "ChessBase"]
[SourceDate "2018.10.10"]
[SourceVersion "1"]
[SourceVersionDate "2018.10.10"]
[SourceQuality "1"]

1. d4 d5 2. c4 c6 3. Nc3 Nf6 4. Bg5 e6 5. e3 h6 6. Bh4 Nbd7 7. Nf3 Bd6 8. Bd3 dxc4 9. Bxc4 b5 10. Bd3 Qb6 11. 0-0 a6 12. Rc1 c5 13. b3 Bb7 14. dxc5 Nxc5 15. Bxf6 gxf6 16. Be2 Ke7 17. Qd4 Rad8 18. Qh4 Rhg8 19. Rfd1 Rg6 20. g3 Rgg8 21. Nd4 b4 22. Na4 Nxa4 23. bxa4 Be5 24. Nf3 Bc7 25. Rxd8 Rxd8 26. Qxh6 Bxf3 27. Bxf3 Rd2 28. Qh4 Rxa2 29. Qc4 Rxa4 30. Qxc7+ Qxc7 31. Rxc7+ Kf8 32. Rb7 Ra1+ 33. Kg2 a5 34. Bc6 Rc1 35. Bd7 Kg7 36. Bxe6 1-0

[Event "Santa Fe Malabrigo op 1st"]
[Site "Santa Fe"]
[Date "2018.02.18"]
[Round "4"]
[White "Serrichio, Ricardo"]
[Black "Encizo, Tomas"]
[Result "1-0"]
[WhiteElo "1579"]
[BlackElo "1785"]
[PlyCount "77"]
[EventDate "2018.02.17"]
[EventType "swiss"]
[EventRounds "6"]
[EventCountry "ARG"]
[SourceTitle "EXT 2019"]
[Source "ChessBase"]
[SourceDate "2018.10.10"]
[SourceVersion "1"]
[SourceVersionDate "2018.10.10"]
[SourceQuality "1"]

1. d4 d5 2. c4 c6 3. e3 Nf6 4. Nc3 Bg4 5. Be2 Bxe2 6. Qxe2 e6 7. Nf3 Nbd7 8. 0-0 Nb6 9. Ne5 Be7 10. c5 Nbd7 11. f4 Qc7 12. Bd2 0-0 13. g4 Nxe5 14. fxe5 Nd7 15. e4 b6 16. b4 a5 17. a3 axb4 18. axb4 bxc5 19. bxc5 Qb7 20. exd5 cxd5 21. Rab1 Qa7 22. Rb3 Rab8 23. Rfb1 Rxb3 24. Rxb3 Rb8 25. Rxb8+ Nxb8 26. Qb5 Kf8 27. Kg2 f6 28. Bf4 Nd7 29. exf6 Bxf6 30. c6 Qxd4 31. Bd6+ Kf7 32. cxd7 Qxc3 33. d8N+ Bxd8 34. Qd7+ Kg6 35. Qe8+ Kg5 36. Qh5+ Kf6 37. g5+ Kf5 38. g6+ Ke4 39. Qg4+ 1-0

[Event "ARG-ch sf"]
[Site "La Banda"]
[Date "2017.01.14"]
[Round "3"]
[White "Dickau, Daniel"]
[Black "Encizo, Tomas"]
[Result "0-1"]
[WhiteElo "2042"]
[BlackElo "1809"]
[PlyCount "128"]
[EventDate "2017.01.14"]
[EventType "swiss"]
[EventRounds "6"]
[EventCountry "ARG"]
[SourceTitle "CBM 176 Extra"]
[Source "ChessBase"]
[SourceDate "2017.03.02"]
[SourceVersion "1"]
[SourceVersionDate "2017.03.02"]
[SourceQuality "1"]

1. Nf3 d5 2. d4 Nf6 3. c4 c6 4. cxd5 cxd5 5. Nc3 Nc6 6. Bf4 a6 7. Rc1 Qb6 8. Na4 Qa5+ 9. Bd2 Qd8 10. Qb3 Ne4 11. e3 e6 12. Nb6 Nxd2 13. Kxd2 Bb4+ 14. Kd1 Qxb6 15. a3 Ba5 16. Qa2 Qd8 17. Bd3 Bd7 18. Ke2 Bc7 19. Qb1 h6 20. b4 Bd6 21. Qb2 Na7 22. Rhd1 0-0 23. Kf1 Qe7 24. e4 dxe4 25. Bxe4 Bc6 26. d5 exd5 27. Bxd5 Bf4 28. Rc2 Rad8 29. Re1 Qf6 30. Qxf6 gxf6 31. Bxc6 Nxc6 32. g3 Rd3 33. Kg2 Bc7 34. Ra2 Rfd8 35. Rb1 Rd1 36. Rbb2 Be5 37. Re2 R8d3 38. Nh4 Nd4 39. Re4 R3d2 40. Rxd2 Rxd2 41. Kf1 Ne6 42. Nf5 Kh7 43. Rh4 Ra2 44. Rxh6+ Kg8 45. Ne7+ Kf8 46. Nf5 Ke8 47. Rh8+ Kd7 48. Rh7 Nd8 49. Rh4 Rxa3 50. Rc4 Rc3 51. Re4 b5 52. Ne3 Nb7 53. h4 Nd6 54. Rg4 f5 55. Rg8 f4 56. gxf4 Bxf4 57. Nd5 Rc4 58. Nb6+ Ke6 59. Nxc4 bxc4 60. Rg4 c3 61. Rxf4 c2 62. Rf3 c1Q+ 63. Kg2 Qc4 64. Rh3 Qxb4 0-1

[Event "Pan American-ch U2000"]
[Site "Carilo Village"]
[Date "2016.10.30"]
[Round "9"]
[White "Encizo, Tomas"]
[Black "Ortiz, Edgard"]
[Result "1-0"]
[WhiteElo "1760"]
[BlackElo "1846"]
[PlyCount "55"]
[EventDate "2016.10.25"]
[EventType "swiss"]
[EventRounds "9"]
[EventCountry "ARG"]
[SourceTitle "EXT 2022"]
[Source "ChessBase"]
[SourceDate "2021.10.06"]
[SourceVersion "1"]
[SourceVersionDate "2021.10.06"]
[SourceQuality "1"]

1. c4 e5 2. Nc3 Nf6 3. g3 d5 4. cxd5 Nxd5 5. Bg2 Nb6 6. Nf3 Nc6 7. 0-0 Be7 8. b3 h5 9. h4 Bg4 10. Bb2 Qd7 11. Rc1 0-0-0 12. d3 g5 13. Nxg5 Bxg5 14. hxg5 h4 15. Ne4 hxg3 16. fxg3 Bh3 17. Rf2 Nd5 18. Qd2 Rh7 19. g6 fxg6 20. Ng5 Rdh8 21. Nxh7 Bxg2 22. Qh6 Rxh7 23. Qf8+ Nd8 24. Rxg2 Qh3 25. Qf3 e4 26. dxe4 Rf7 27. Qd3 Rh7 28. Qxd5 1-0

[Event "Pan American-ch U2000"]
[Site "Carilo Village"]
[Date "2016.10.26"]
[Round "2"]
[White "Ardiles, Manuel"]
[Black "Encizo, Tomas"]
[Result "0-1"]
[WhiteElo "1932"]
[BlackElo "1760"]
[PlyCount "96"]
[EventDate "2016.10.25"]
[EventType "swiss"]
[EventRounds "9"]
[EventCountry "ARG"]
[SourceTitle "EXT 2022"]
[Source "ChessBase"]
[SourceDate "2021.10.06"]
[SourceVersion "1"]
[SourceVersionDate "2021.10.06"]
[SourceQuality "1"]

1. d4 d5 2. Nf3 Nf6 3. g3 Bf5 4. Bg2 e6 5. 0-0 c5 6. dxc5 Bxc5 7. c4 0-0 8. Nh4 Be4 9. Nf3 dxc4 10. Nc3 Bc6 11. Bg5 Nbd7 12. Qc2 Rc8 13. Rad1 Qa5 14. e4 h6 15. Bf4 Rfd8 16. Nd2 b5 17. a4 a6 18. Ra1 Qb6 19. axb5 axb5 20. Nd1 Nh5 21. Be3 Ne5 22. Bxc5 Qxc5 23. b3 Qd4 24. Ra2 Bb7 25. bxc4 bxc4 26. Nc3 Ra8 27. Rb2 Bc6 28. Kh1 Nd3 29. Nf3 Qc5 30. Rbb1 Nf6 31. Qe2 Ra3 32. Rbc1 Nxc1 33. Rxc1 Rd3 34. Qe1 Qa5 35. Nb1 Ra1 36. Qxa5 Rxa5 37. Ne1 Bxe4 38. Nxd3 cxd3 39. Nd2 Bxg2+ 40. Kxg2 Ra2 41. Nf1 Ne4 42. Kf3 f5 43. Ke3 Nxf2 44. Nd2 Ng4+ 45. Kxd3 Nxh2 46. Rc8+ Kf7 47. Nc4 Rg2 48. Ne5+ Kf6 0-1

[Event "Puerto Tirol Provincial-ch"]
[Site "Puerto Tirol"]
[Date "2004.11.27"]
[Round "6"]
[White "Onocko, Gabriel"]
[Black "Encizo, Tomas"]
[Result "0-1"]
[WhiteElo "1844"]
[BlackElo "2005"]
[PlyCount "82"]
[EventDate "2004.11.20"]
[EventType "swiss"]
[EventRounds "7"]
[EventCountry "ARG"]
[SourceTitle "CBM 103 Extra"]
[Source "ChessBase"]
[SourceDate "2005.01.01"]
[SourceVersion "1"]
[SourceVersionDate "2005.01.01"]
[SourceQuality "1"]

1. e4 c5 2. Nf3 Nc6 3. d4 cxd4 4. Nxd4 d6 5. Nc3 Nf6 6. Be3 g6 7. f3 Bg7 8. Qd2 Qa5 9. 0-0-0 Bd7 10. Kb1 h5 11. h3 Rc8 12. Be2 Ne5 13. g4 h4 14. f4 Nc4 15. Bxc4 Rxc4 16. Nd5 Qxd2 17. Nxf6+ Bxf6 18. Rxd2 Bc6 19. Nxc6 bxc6 20. Bxa7 Rxe4 21. Rf1 c5 22. Rfd1 0-0 23. f5 Ra8 24. Bxc5 dxc5 25. fxg6 fxg6 26. c3 Re3 27. Rh1 Rb8 28. Kc2 Rb6 29. Rd5 Re2+ 30. Kd3 Rbxb2 31. Rxc5 Rxa2 32. Rb1 Rad2+ 33. Kc4 Re3 34. Rb8+ Kg7 35. Kb3 Rxh3 36. g5 Bd4 37. Rc4 Rdd3 38. Rbc8 Be5 39. R4c5 Rxc3+ 40. Rxc3 Rxc3+ 41. Rxc3 Bxc3 0-1